000 00502nam a2200157 a 4500
001 000041585
005 20201002035643.0
008 131011s2002 sp b 000 0 spa d
020 _a9580427070
040 _aDO-SdBNP
_bspa
_cBNPHU
082 _axxxx
_bxxxx
100 1 _aEscarpanter, José
_968347
245 1 0 _aCómo dominar la grámatica :
_bintroducción a la moderna gramática española /
_cJosé Escarpanter.
260 _aBarcelona :
_bNorma
_bPlayor,
_c2002.
300 _a301 p. :
_bmaps. ;
_c24 cm.
999 _c41075
_d41075